000 00549nam a22002177a 4500
003 UA-OsUOA
001 79418
007 ta
008 20111109b un ||||| |||| 00| 0 ukr d
100 _aШуба О.
090 _a32
_bШ95
942 _cSA
040 _aUA-OsUOA
_bukr
_cUA-OsUOA
_dUA-OsUOA
245 _aФеномен політичної влади в сучасній Україні
300 _aС.31
955 _a0
041 _aukr
080 _a32
773 0 _w79408
_tВіче
_dК.
_d2011
_g20
650 7 _a32 Політика
_2UDC
999 _c365741
_d365741